Ak katastrofa, tak dialóg Účastníci slovensko-maďarského fóra: "Predtým sme šípili, že sa chápeme, teraz to už vieme"

Bibliographic Details
Main Author: Grosmannová, Klára (Author)
Format: Article
Language:Slovak
Subjects:

MARC

LEADER 00000nab a2200000 a 4500
001 vtls000487816
003 SK-MaSNL
005 20260303004244.0
008 160202c1993 xo 0 slo
015 |a SNBRB19rr/mm-uuuuu 
035 |a CL0487953 
040 |a SNKBUCL  |b slo  |c SNKBUCL  |e AACR2 
041 0 |a slo 
044 |a xo  |c SK 
080 |a 070.42(437.6:439):061.3  |2 1981 
100 1 |a Grosmannová, Klára  |4 aut  |9 839068 
245 1 0 |a Ak katastrofa, tak dialóg  |b Účastníci slovensko-maďarského fóra: "Predtým sme šípili, že sa chápeme, teraz to už vieme"  |c Klára Grosmannová 
650 0 7 |a novinári slovenskí  |2 snkbucl  |9 969088 
650 0 7 |a novinári maďarskí  |2 snkbucl  |9 980325 
655 7 |a články z novín a časopisov  |2 snkbucl  |9 267496 
773 0 |t Práca  |g Roč. 48, č. 161 (14. 7. 1993), s. 6 
850 |a Slovenská národná knižnica v Martine  |a MTA001 
852 |a SNK  |b KIS3GCP 
958 |a RK 
958 |a HU 
992 |a RBX 
999 |c 1576812  |d 1578742